| 000 | 00628nam a2200205Ii 4500 | ||
|---|---|---|---|
| 003 | JO-AjNU | ||
| 008 | 230606s9999||||xx |||||||||||||| ||und|| | ||
| 020 | _a5- 200- 01444- 1 | ||
| 040 |
_aJO-AjNU _beng _erda _cJO-AjNU |
||
| 041 | _aeng | ||
| 050 | 1 | 4 | _aPE3721 1991 |
| 100 | 3 |
_aSpears, Richard A, _eauthor _96093 |
|
| 245 | 0 | 0 | _aNTC, s DICTIONART OF AMERICAN SLANG |
| 250 | _aSpecial Edition | ||
| 264 | 3 | 1 | _aLincolnwood: NATIONAL TEXTBOOK COMPANY, 1991 |
| 300 |
_a528p _bIncludes bibliographical references |
||
| 336 |
_atext _btxt _2rdacontent |
||
| 337 |
_aunmediated _bn _2rdamedia |
||
| 338 |
_avolume _bnc _2rdacarrier |
||
| 999 |
_aE3162 _c3158 _d3158 |
||